Statistiken für Kölner Stadtteile mit Karte

Klicken Sie hier um das Quiz zu spielen!

Allgemein

  • Dieses Quiz wurde 3.500 mal gespielt
  • Das Durchschnittsergebnis liegt bei 42 aus 86

Antworten auf der Karte

Die Antworten werden auf der Karte rot bzw. grün angezeigt, abhängig davon wie oft sie richtig erraten wurden.
 

Antwortstatistiken

Stadtteil% Korrekt
Deutz
87%
Kalk
84%
Ehrenfeld
83%
Nippes
82%
Porz
81%
Chorweiler
78%
Mülheim
77%
Lind
70%
Sülz
70%
Poll
69%
Altstadt-Nord
68%
Altstadt-Süd
68%
Rodenkirchen
68%
Lindenthal
66%
Niehl
64%
Weiden
64%
Zollstock
64%
Müngersdorf
63%
Neustadt-Nord
61%
Neustadt-Süd
61%
Pesch
59%
Riehl
57%
Neuehrenfeld
56%
Dellbrück
55%
Esch/Auweiler
55%
Junkersdorf
55%
Marienburg
52%
Wahn
52%
Ossendorf
51%
Raderthal
51%
Sürth
51%
Klettenberg
50%
Lövenich
50%
Zündorf
50%
Bayenthal
49%
Bickendorf
48%
Bilderstöckchen
48%
Rath/Heumar
48%
Bocklemünd/Mengenich
47%
Brück
47%
Holweide
47%
Humboldt/Gremberg
47%
Weiß
47%
Braunsfeld
45%
Fühlingen
45%
Godorf
45%
Longerich
45%
Merkenich
45%
Meschenich
45%
Weidenpesch
45%
Worringen
45%
Buchheim
44%
Vingst
44%
Ostheim
43%
Dünnwald
42%
Merheim
42%
Hahnwald
41%
Stammheim
41%
Buchforst
40%
Raderberg
40%
Vogelsang
40%
Widdersdorf
40%
Eil
39%
Höhenberg
38%
Höhenhaus
38%
Rondorf
38%
Flittard
37%
Gremberghoven
36%
Neubrück
36%
Grengel
34%
Volkhoven/Weiler
34%
Blumenberg
33%
Langel
33%
Westhoven
33%
Wahnheide
32%
Ensen
31%
Seeberg
31%
Mauenheim
30%
Roggendorf/Thenhoven
29%
Urbach
29%
Immendorf
28%
Finkenberg
27%
Libur
27%
Lindweiler
27%
Heimersdorf
26%
Elsdorf
21%

Verteilung der Resultate

Perzentil nach korrekt beantworteten Fragen

Anzahl Personen mit jedem Resultat

Ihre Resultats-Entwicklung

Sie haben dieses Quiz noch nicht gespielt